Not yet! : (Record no. 123937)
[ view plain ]
| 000 -LEADER | |
|---|---|
| fixed length control field | 01261fam a2200325 a 4500 |
| 001 - CONTROL NUMBER | |
| control field | 2003237 |
| 003 - CONTROL NUMBER IDENTIFIER | |
| control field | ARRUPE |
| 005 - DATE AND TIME OF LATEST TRANSACTION | |
| control field | 20160203120528.0 |
| 008 - FIXED-LENGTH DATA ELEMENTS--GENERAL INFORMATION | |
| fixed length control field | 970401s1997 nyu 001 0deng |
| 010 ## - LIBRARY OF CONGRESS CONTROL NUMBER | |
| LC control number | 97016324 |
| 020 ## - INTERNATIONAL STANDARD BOOK NUMBER | |
| International Standard Book Number | 1859849091 |
| 020 ## - INTERNATIONAL STANDARD BOOK NUMBER | |
| International Standard Book Number | 1859840345 (pbk.) |
| 035 ## - SYSTEM CONTROL NUMBER | |
| System control number | (OCoLC)503266884 |
| 035 ## - SYSTEM CONTROL NUMBER | |
| System control number | (OCoLC)ocn503266884 |
| 035 ## - SYSTEM CONTROL NUMBER | |
| System control number | (NNC)2003237 |
| 040 ## - CATALOGING SOURCE | |
| Original cataloging agency | DLC |
| Transcribing agency | DLC |
| Modifying agency | NNC |
| -- | OrLoB-B |
| 050 00 - LIBRARY OF CONGRESS CALL NUMBER | |
| Classification number | B3209.B754 |
| Item number | N68 1997 |
| 082 00 - DEWEY DECIMAL CLASSIFICATION NUMBER | |
| Classification number | 193 |
| Edition number | 21 |
| 300 ## - PHYSICAL DESCRIPTION | |
| Dimensions | 24 cm. |
| 100 ## - MAIN ENTRY--PERSONAL NAME | |
| Personal name | Daniel, Jamie Owen (ed.) |
| 9 (RLIN) | 21497 |
| 245 00 - TITLE STATEMENT | |
| Title | Not yet! : |
| Remainder of title | reconsidering Ernst Bloch / |
| Statement of responsibility, etc | edited by Jamie Owen Daniel and Tom Moylan. |
| 260 ## - PUBLICATION, DISTRIBUTION, ETC. (IMPRINT) | |
| Place of publication, distribution, etc | London : |
| -- | New York : |
| Name of publisher, distributor, etc | Verso, |
| Date of publication, distribution, etc | 1997. |
| 263 ## - PROJECTED PUBLICATION DATE | |
| Projected publication date | 9707 |
| 300 ## - PHYSICAL DESCRIPTION | |
| Extent | ix, 246 p. ; |
| 504 ## - BIBLIOGRAPHY, ETC. NOTE | |
| Bibliography, etc | Includes bibliographical references and index. |
| 505 00 - FORMATTED CONTENTS NOTE | |
| Miscellaneous information | 1. |
| Title | Postcolonial criticism or postcolonial theory? -- |
| Miscellaneous information | 2. |
| Title | Edward Said: Orientalism and beyond -- |
| Miscellaneous information | 3. |
| Title | Gayatri Spivak: the deconstructive twist -- |
| Miscellaneous information | 4. |
| Title | Homi Bhabha: 'The Babelian Performance' -- |
| Miscellaneous information | 5. |
| Title | Postcolonial criticism and postcolonial theory -- |
| -- | Conclusion: Postcolonial futures: things fall apart? |
| 600 10 - SUBJECT ADDED ENTRY--PERSONAL NAME | |
| Personal name | Bloch, Ernst, |
| Dates associated with a name | 1885-1977. |
| 9 (RLIN) | 4475 |
| 700 1# - ADDED ENTRY--PERSONAL NAME | |
| Personal name | Moylan, Tom, |
| Dates associated with a name | 1943- |
| 9 (RLIN) | 21498 |
| Relator term | ed. |
| 900 ## - EQUIVALENCE OR CROSS-REFERENCE-PERSONAL NAME [LOCAL, CANADA] | |
| Numeration | TOC |
| 942 ## - ADDED ENTRY ELEMENTS (KOHA) | |
| Source of classification or shelving scheme | Library of Congress Classification |
| Koha item type | Monograph ( Printed materials) |
| Withdrawn status | Lost status | Source of classification or shelving scheme | Damaged status | Not for loan | Collection code | Home library | Current library | Shelving location | Date acquired | Total Checkouts | Full call number | Barcode | Date last seen | Price effective from | Koha item type |
|---|---|---|---|---|---|---|---|---|---|---|---|---|---|---|---|
| Library of Congress Classification | Main Collection | ARRUPE LIBRARY | ARRUPE LIBRARY | Main Collection | 18/01/2016 | B3209.B754N68 1997 | 46500005812 | 18/01/2016 | 18/01/2016 | Monograph ( Printed materials) |